AFL Draft Steals - Statistics

General Stats
  • This quiz has been taken 17 times
  • The average score is 8 of 20
Answer Stats
Team Pick Answer % Correct
Fremantle #20, 2009 Nat Fyfe
77%
Geelong #40, 2016 Tom Stewart
69%
Essendon #26, 2013 Zach Merrett
69%
Collingwood #58, 2001 Dane Swan
54%
Fremantle #58, 2011 Lachie Neale
54%
Melbourne #34, 2009 Max Gawn
54%
Brisbane #31, 1997 Simon Black
54%
Hawthorn #36, 2001 Sam Mitchell
46%
Sydney #43, 1997 Adam Goodes
38%
Hawthorn #56, 2013 James Sicily
38%
North Melbourne #47, 1995 Brent Harvey
31%
Bulldogs #105, 1988 Chris Grant
31%
Essendon #79, 1990 James Hird
31%
North Melbourne #37, 2006 Todd Goldstein
31%
Carlton #38, 1998 Brendan Fevola
23%
Port Adelaide #55, 2006 Robbie Gray
23%
Geelong #47, 1999 Corey Enright
15%
Sydney #30, 2008 Dan Hannebery
15%
Sydney #64, 2002 Nick Malceski
15%
Bulldogs #71, 2001 Brian Lake
8%
No matching quizzes found
Score Distribution
Percent of People with Each Score
Percentile by Number Answered
Your Score History
You have not taken this quiz